| 000 | 00443nam a2200145 a 4500 | ||
|---|---|---|---|
| 001 | 000033309 | ||
| 005 | 20200930070152.0 | ||
| 008 | 110823s1929 dr 000 0 spa d | ||
| 040 |
_aDO-SdBNP _bspa _cBNPHU |
||
| 100 | 1 |
_aCaminero Sánchez, Mario _958909 |
|
| 245 | 1 | 0 |
_aFronda Lírica / _cMario Caminero Sánchez. |
| 260 |
_aSan Pedro de Macoris, República Dominicana : _bImp. Cervantes, _c1929. |
||
| 300 |
_a183 p. ; _c23 cm. |
||
| 049 | _aBNPD | ||
| 999 |
_c32800 _d32800 |
||